Les Enfoirés 2026 : Toutes les chansons - Statistiques

Statistiques générales
  • Ce quiz a été pris 19 fois
  • Le résultat moyen est 13 sur 27
Statistiques - réponses
Hint Réponse % Correct
4) Mauvais garçon
83%
10) Les filles, les meufs
75%
1) Parisienne
67%
5) Diego, libre dans sa tête
58%
22) L'île au trésor
58%
3) Maman
58%
21) Hors-saison
50%
27) La chanson des Restos
50%
6) La grande Zoa
50%
2) Partir un jour
50%
26) Tout se casse
50%
8) Dans les yeux d'Emilie
42%
12) Eteins la lumière
42%
17) La Maritza
42%
14) La vie par procuration
42%
9) Ma philosophie
42%
15) Prendre racine
42%
19) Sensualité
42%
24) Sorry seems to be the hardest word
42%
23) Toi et moi
42%
13) Une femme avec toi
42%
7) Vole
42%
18) Aimer est plus fort que d'être aimé
33%
25) Les uns contre les autres
33%
11) Non, je ne regrette rien
33%
16) Je vais t'aimer
25%
20) Tableau "Feel Good"
17%
Aucun quiz correspondant
Distribution des résultats
% des personnes avec chaque résultat
Percentile par nombre de réponses
Votre historique - résultats
Vous n’avez pas pris ce quiz